书目信息 |
| 题名: |
壁画
|
|
| 作者: | 杨光 编著 | |
| 分册: | ||
| 出版信息: | 沈阳 辽宁美术出版社 1999.01 |
|
| 页数: | 112页 | |
| 开本: | 28cm | |
| 丛书名: | 材料与技法丛书 | |
| 单 册: | ||
| 中图分类: | J218.6 | |
| 科图分类: | ||
| 主题词: | 绘画--技法(美术) | |
| 电子资源: | ||
| ISBN: | 7-5314-2016-3 | |
| 000 | 00594nam0 2200217 450 | |
| 001 | 0728415022 | |
| 005 | 20070531151828.77 | |
| 010 | @a7-5314-2016-3@dCNY46.00 | |
| 100 | @a20070531d1999 km y0chiy0120 ea | |
| 101 | 0 | @achi |
| 102 | @aCN@b210000 | |
| 200 | 1 | @a壁画@Abi hua@f杨光等编著@Fyang guang deng bian zhu |
| 210 | @a沈阳@c辽宁美术出版社@d1999.01 | |
| 215 | @a112页@d28cm | |
| 225 | 2 | @a材料与技法丛书 |
| 410 | 0 | @12001 @a材料与技法丛书 |
| 606 | 0 | @a绘画@x技法(美术) |
| 690 | @aJ218.6@v4 | |
| 701 | 0 | @a杨光@Ayang guang@4编著 |
| 801 | 0 | @aCN@bPFT@c20070531 |
| 905 | @aBZT@dJ218.6@e1 | |
| 壁画/杨光等编著.-沈阳:辽宁美术出版社,1999.01 |
| 112页;28cm.-(材料与技法丛书) |
| ISBN 7-5314-2016-3:CNY46.00 |
| ● |
| 相关链接 |
|
|
|
正题名:壁画
索取号:J218.6/1
 
预约/预借
| 序号 | 登录号 | 条形码 | 馆藏地/架位号 | 状态 | 备注 |
| 1 | 534034 | 230127031 | 中心书库中库/ 中库016架A面6列4层33/ [索取号:J218.6/1] | 在馆 | |
| 2 | 534035 | 230127030 | 中心书库中库/ 中库017架A面2列2层3/ [索取号:J218.6/1] | 在馆 | |
| 3 | 534036 | 230127029 | 中心书库中库/ 中库017架A面2列2层18/ [索取号:J218.6/1] | 在馆 | |
| 4 | 534037 | 230127028 | 中心书库中库/ 中库017架A面2列2层8/ [索取号:J218.6/1] | 在馆 | |
| 5 | 534038 | 230127027 | 中心书库中库/ 中库017架A面2列2层2/ [索取号:J218.6/1] | 在馆 | |
| 6 | 534039 | 230127026 | 中心书库中库/ 中库017架A面2列2层7/ [索取号:J218.6/1] | 在馆 | |
| 7 | 534040 | 230127025 | 中心书库中库/ 中库017架A面2列2层17/ [索取号:J218.6/1] | 在馆 | |
| 8 | 534041 | 230127024 | 中心书库中库/ 中库017架A面2列2层6/ [索取号:J218.6/1] | 在馆 | |
| 9 | 534042 | 230127023 | 中心书库中库/ 中库017架A面2列2层4/ [索取号:J218.6/1] | 在馆 | |
| 10 | 534043 | 230127022 | 中心书库中库/ 中库017架A面2列2层5/ [索取号:J218.6/1] | 在馆 |